15 maata, joissa kuoli eniten Covid-19 - 29. kesäkuuta - Statistics

Yleistilastot
  • Tätä visaa on pelattu 9 kertaa
  • Keskiarvotulos 10 / 20
Vastaustilastot
maa % Oikein
Yhdysvallat
100%
Kanada
89%
Espanja
78%
Intia
78%
Italia
78%
Ruotsi
78%
Saksa
78%
Venäjä
78%
Iran
67%
Ranska
67%
Brasilia
44%
Alankomaat
33%
Meksiko
33%
Yhdistynyt kuningaskunta
33%
Belgia
11%
Chile
11%
Sveitsi
11%
Ecuador
0%
Irlanti
0%
Peru
0%
Ehtoja vastaavia visoja ei löytynyt
Tulosjakauma
Jokaisen tuloksen saaneiden osuus
Persentiili vastausten määrän mukaan
Tuloshistoriasi
Et ole pelannut tätä visaa